Mito y Otros Cuentos /

Enregistré dans:
Détails bibliographiques
Auteur principal: Casparius, María (autor)
Format: Livre
Langue:espagnol
Publié: Guadalajara, México : Universidad de Guadalajara, 1968
Sujets:
Tags: Ajouter un tag
Pas de tags, Soyez le premier à ajouter un tag!

MARC

LEADER 00000nam^a2200000^a^4500
001 000025078
005 20250521000000.0
009 20260310084638.36
037 |a Acervo ITESO - Biblioteca 
041 |a ESP 
082 |a 863.  |b CAS 
100 |a Casparius, María  |e (autor) 
245 1 0 |a Mito y Otros Cuentos /  |c M.C. Casparios. 
264 1 |a Guadalajara, México :  |b Universidad de Guadalajara,  |c 1968 
300 |a 52 p. 
336 |a texto  |b txt  |2 rdacontenido 
337 |a sin mediación  |b n  |2 rdamedio 
338 |a volumen  |b nc  |2 rdasoporte 
649 |a XX 
650 |a Literatura Mexicana 
650 |a Cuentos Mexicanos 
910 |a Fondo General 
920 |a Impresos - Libros 
930 |a Colección General 
940 |a Literatura 
905 |a 101 
901 |a 0250780100  |b IT1  |c LIT  |i 025078  |u 20250521 
902 |a https://opac.biblio.iteso.mx/vufind/Record/000025078